Production and inventory control (Record no. 77226)

MARC details
000 -LEADER
fixed length control field 00839nam a2200181 a 4500
008 - FIXED-LENGTH DATA ELEMENTS--GENERAL INFORMATION
fixed length control field 120416s1982 xx |||||||||||||| || u
050 ## - LIBRARY OF CONGRESS CALL NUMBER
Classification number TS 157.A2
100 ## - MAIN ENTRY--PERSONAL NAME
Personal name Reinfeld, Nyles V
245 10 - TITLE STATEMENT
Title Production and inventory control
260 ## - PUBLICATION, DISTRIBUTION, ETC.
Date of publication, distribution, etc. 1982
350 ## -
-- 0.00
650 ## - SUBJECT ADDED ENTRY--TOPICAL TERM
Topical term or geographic name entry element PRODUCTION
650 ## - SUBJECT ADDED ENTRY--TOPICAL TERM
Topical term or geographic name entry element PRODUCTION CONTROL
650 ## - SUBJECT ADDED ENTRY--TOPICAL TERM
Topical term or geographic name entry element INVENTORY CONTROL
995 ## -
-- ANNEX COLLECTION (Main Library)
-- 0.00
-- 015957
-- CBU-MAIN LIBRARY (Kitwe)
-- 1
-- 27.75
-- TS 157.A2 Rey
-- AVAILABLE
-- 015957
-- Annex Low-Usage Collection
995 ## -
-- ANNEX COLLECTION (Main Library)
-- 0.00
-- 015956
-- CBU-MAIN LIBRARY (Kitwe)
-- 2
-- 27.75
-- TS 157.A2 Rey
-- AVAILABLE
-- 015956
-- Annex Low-Usage Collection
995 ## -
-- MAIN LIBRARY OPEN ACCESS
-- 0.00
-- 015955
-- CBU-MAIN LIBRARY (Kitwe)
-- 3
-- 27.75
-- TS 157.A2 Rey
-- AVAILABLE
-- 015955
-- Main Library Open Access Collection
999 ## -
-- 77226
-- 77226
Holdings
Withdrawn status Lost status Source of classification or shelving scheme Damaged status Not for loan Permanent Location Current Location Shelving location Date acquired Total Checkouts Full call number Barcode Date last seen Copy number Price effective from Koha item type
          CBU-MAIN LIBRARY, KITWE. CBU-MAIN LIBRARY, KITWE.   04/25/2023   TS 157.A2 015957 04/25/2023 1 04/25/2023 MONOGRAPH
          CBU-MAIN LIBRARY, KITWE. CBU-MAIN LIBRARY, KITWE.   04/25/2023   TS 157.A2 015956 04/25/2023 2 04/25/2023 MONOGRAPH
          CBU-MAIN LIBRARY, KITWE. CBU-MAIN LIBRARY, KITWE.   04/25/2023   TS 157.A2 015955 04/25/2023 3 04/25/2023 MONOGRAPH